Suurimmat naapurimaaparit - Statistics

Yleistilastot
  • Tätä visaa on pelattu 1 136 kertaa
  • Keskiarvotulos 19 / 22
Vastaustilastot
Valtio % Oikein
Kiina
99%
Venäjä
99%
Kanada
98%
Yhdysvallat
98%
Intia
95%
Meksiko
95%
Mongolia
95%
Brasilia
93%
Kazakstan
92%
Argentiina
91%
Peru
83%
Kolumbia
80%
Kongon dem. tasavalta
80%
Algeria
79%
Bolivia
78%
Libya
76%
Niger
76%
Sudan
76%
Pakistan
72%
Tšad
72%
Mali
71%
Angola
58%
Ehtoja vastaavia visoja ei löytynyt
Tulosjakauma
Jokaisen tuloksen saaneiden osuus
Persentiili vastausten määrän mukaan
Tuloshistoriasi
Et ole pelannut tätä visaa